| 000 | 00675nam a22002057a 4500 | ||
|---|---|---|---|
| 999 |
_c8323 _d8323 |
||
| 003 | AR-CdUCM | ||
| 008 | 190322b ||||| |||| 00| 0 spa d | ||
| 040 |
_aMUNICIPALIDAD PROVINCIAL DEL CUSCO _cBIBLIOTECA MUNICIPAL DEL CUSCO |
||
| 082 |
_a191.7 / _bJ95 |
||
| 100 |
_aJung, Carl Gustav _916420 |
||
| 245 | _aEl Yo y lo inconsciente / | ||
| 260 |
_aSantiago de Chile : _bCultura, _c1936. |
||
| 300 |
_a215 paginas : _c19 cm. |
||
| 505 | _aContenido :La acción del inconsciente sobre la inconsciencia --La individuacion / | ||
| 650 |
_aSubconsciencia _916758 |
||
| 650 |
_aPsicoanálisis _916757 |
||
| 700 |
_aSarro, Ramón _923371 |
||
| 942 |
_2ddc _cLIBROS |
||
| 945 | _arjall | ||